[Event "55th Ilmar raud Memorial"]
[Site "Viljandi, Estonia"]
[Date "2021.07.08"]
[Round "6.1"]
[White "Laurusas, Tomas"]
[Black "Kanep, Meelis"]
[Result "1-0"]
[WhiteElo "2518"]
[BlackElo "2432"]

1. d4 {[%clk 01:30:59]} Nf6 {[%clk 01:27:30]} {[%emt 00:03:31]} 2. c4 {[%clk
01:31:23]} {[%emt 00:00:05]} e6 {[%clk 01:27:50]} {[%emt 00:00:10]} 3. Nc3
{[%clk 01:31:49]} {[%emt 00:00:04]} d5 {[%clk 01:28:09]} {[%emt 00:00:11]} 4.
cxd5 {[%clk 01:29:45]} {[%emt 00:02:35]} Nxd5 {[%clk 01:19:28]} {[%emt
00:09:10]} 5. e4 {[%clk 01:30:06]} {[%emt 00:00:08]} Nxc3 {[%clk 01:19:52]}
{[%emt 00:00:06]} 6. bxc3 {[%clk 01:30:31]} {[%emt 00:00:05]} c5 {[%clk
01:20:17]} {[%emt 00:00:05]} 7. Rb1 {[%clk 01:30:20]} {[%emt 00:00:42]} Be7
{[%clk 01:13:34]} {[%emt 00:07:13]} 8. Nf3 {[%clk 01:28:58]} {[%emt 00:01:52]}
O-O {[%clk 01:13:25]} {[%emt 00:00:39]} 9. Bc4 {[%clk 01:29:23]} {[%emt
00:00:05]} Qc7 {[%clk 01:09:56]} {[%emt 00:03:59]} 10. Qe2 {[%clk 01:15:19]}
{[%emt 00:14:34]} Nc6 {[%clk 01:01:21]} {[%emt 00:09:05]} 11. O-O {[%clk
01:15:34]} {[%emt 00:00:15]} Bd7 {[%clk 01:00:06]} {[%emt 00:01:45]} 12. Bd2
{[%clk 01:02:01]} {[%emt 00:14:03]} Rac8 {[%clk 00:56:14]} {[%emt 00:04:21]} 13.
Bd3 {[%clk 01:02:05]} {[%emt 00:00:27]} Na5 {[%clk 00:53:26]} {[%emt 00:03:18]}
14. e5 {[%clk 00:41:21]} {[%emt 00:21:14]} Bc6 {[%clk 00:27:09]} {[%emt
00:26:47]} 15. Ng5 {[%clk 00:41:23]} {[%emt 00:00:27]} g6 {[%clk 00:24:45]}
{[%emt 00:02:53]} 16. Rfe1 {[%clk 00:36:08]} {[%emt 00:05:45]} Rfd8 {[%clk
00:22:20]} {[%emt 00:02:56]} 17. Nxh7 {[%clk 00:29:28]} {[%emt 00:07:10]} cxd4
{[%clk 00:22:04]} {[%emt 00:00:46]} 18. Nf6+ {[%clk 00:29:28]} {[%emt
00:00:30]} Bxf6 {[%clk 00:19:06]} {[%emt 00:03:28]} 19. exf6 {[%clk 00:29:54]}
{[%emt 00:00:04]} Rd5 {[%clk 00:16:28]} {[%emt 00:03:08]} 20. Qg4 {[%clk
00:23:07]} {[%emt 00:07:17]} Be8 {[%clk 00:14:13]} {[%emt 00:02:45]} 21. cxd4
{[%clk 00:21:16]} {[%emt 00:02:22]} Nc6 {[%clk 00:14:07]} {[%emt 00:00:36]} 22.
Bf4 {[%clk 00:13:30]} {[%emt 00:08:16]} Rxd4 {[%clk 00:08:23]} {[%emt
00:06:14]} 23. Be4 {[%clk 00:13:35]} {[%emt 00:00:25]} Qd8 {[%clk 00:07:17]}
{[%emt 00:01:37]} 24. Qh4 {[%clk 00:12:45]} {[%emt 00:01:20]} Bd7 {[%clk
00:04:49]} {[%emt 00:02:58]} 25. Bh6 {[%clk 00:11:44]} {[%emt 00:01:31]} Qa5
{[%clk 00:04:40]} {[%emt 00:00:39]} 26. Be3 {[%clk 00:12:08]} {[%emt 00:00:05]}
1-0

[Event "55th Ilmar raud Memorial"]
[Site "Viljandi, Estonia"]
[Date "2021.07.08"]
[Round "6.2"]
[White "Chukavin, Kirill"]
[Black "Pultinevicius, Paulius"]
[Result "1/2-1/2"]
[WhiteElo "2384"]
[BlackElo "2492"]

1. e4 {[%clk 01:26:20]} {[%emt 00:04:34]} c6 {[%clk 01:30:58]} {[%emt
00:00:08]} 2. d4 {[%clk 01:26:39]} {[%emt 00:00:10]} d5 {[%clk 01:31:23]}
{[%emt 00:00:05]} 3. exd5 {[%clk 01:26:39]} {[%emt 00:00:29]} cxd5 {[%clk
01:31:48]} {[%emt 00:00:06]} 4. Bd3 {[%clk 01:27:04]} {[%emt 00:00:05]} Nc6
{[%clk 01:32:13]} {[%emt 00:00:05]} 5. c3 {[%clk 01:27:28]} {[%emt 00:00:06]}
Nf6 {[%clk 01:32:38]} {[%emt 00:00:05]} 6. Bf4 {[%clk 01:27:35]} {[%emt
00:00:23]} Bg4 {[%clk 01:33:01]} {[%emt 00:00:07]} 7. Qb3 {[%clk 01:27:50]}
{[%emt 00:00:15]} Na5 {[%clk 01:33:26]} {[%emt 00:00:06]} 8. Qa4+ {[%clk
01:21:48]} {[%emt 00:06:32]} Bd7 {[%clk 01:33:19]} {[%emt 00:00:36]} 9. Qc2
{[%clk 01:21:48]} {[%emt 00:00:30]} Rc8 {[%clk 01:33:41]} {[%emt 00:00:08]} 10.
Nf3 {[%clk 01:19:51]} {[%emt 00:02:27]} Qb6 {[%clk 01:34:05]} {[%emt 00:00:07]}
11. Qe2 {[%clk 01:11:06]} {[%emt 00:09:14]} Bg4 {[%clk 01:34:16]} {[%emt
00:00:19]} 12. b3 {[%clk 01:04:53]} {[%emt 00:06:43]} e6 {[%clk 01:31:23]}
{[%emt 00:03:23]} 13. h3 {[%clk 01:03:24]} {[%emt 00:01:58]} Bh5 {[%clk
01:30:42]} {[%emt 00:01:12]} 14. O-O {[%clk 00:50:57]} {[%emt 00:12:57]} Bd6
{[%clk 01:25:03]} {[%emt 00:06:08]} 15. Bb5+ {[%clk 00:45:03]} {[%emt
00:06:24]} Ke7 {[%clk 01:24:52]} {[%emt 00:00:42]} 16. Bxd6+ {[%clk 00:45:04]}
{[%emt 00:00:29]} Qxd6 {[%clk 01:25:14]} {[%emt 00:00:08]} 17. Qe3 {[%clk
00:45:16]} {[%emt 00:00:17]} Bxf3 {[%clk 01:16:30]} {[%emt 00:09:14]} 18. Qxf3
{[%clk 00:45:33]} {[%emt 00:00:13]} a6 {[%clk 01:15:03]} {[%emt 00:01:58]} 19.
Be2 {[%clk 00:39:48]} {[%emt 00:06:14]} Rc7 {[%clk 01:02:19]} {[%emt 00:13:15]}
20. Nd2 {[%clk 00:34:18]} {[%emt 00:05:59]} Rhc8 {[%clk 00:56:35]} {[%emt
00:06:14]} 21. Rfc1 {[%clk 00:33:43]} {[%emt 00:01:05]} Nc6 {[%clk 00:43:44]}
{[%emt 00:13:22]} 22. Qe3 {[%clk 00:26:15]} {[%emt 00:07:57]} e5 {[%clk
00:42:36]} {[%emt 00:01:39]} 23. dxe5 {[%clk 00:18:21]} {[%emt 00:08:23]} Qxe5
{[%clk 00:43:01]} {[%emt 00:00:05]} 24. Qc5+ {[%clk 00:15:43]} {[%emt
00:03:09]} Qd6 {[%clk 00:42:58]} {[%emt 00:00:32]} 25. Qxd6+ {[%clk 00:14:58]}
{[%emt 00:01:15]} Kxd6 {[%clk 00:43:23]} {[%emt 00:00:05]} 26. Rd1 {[%clk
00:15:06]} {[%emt 00:00:22]} Ke7 {[%clk 00:32:20]} {[%emt 00:11:33]} 27. Nf1
{[%clk 00:08:35]} {[%emt 00:07:01]} Ne5 {[%clk 00:19:51]} {[%emt 00:12:59]} 28.
Ne3 {[%clk 00:08:56]} {[%emt 00:00:08]} Rxc3 {[%clk 00:19:16]} {[%emt
00:01:05]} 29. Nxd5+ {[%clk 00:09:21]} {[%emt 00:00:05]} Nxd5 {[%clk 00:19:41]}
{[%emt 00:00:05]} 30. Rxd5 {[%clk 00:09:48]} {[%emt 00:00:03]} Rc1+ {[%clk
00:19:35]} {[%emt 00:00:36]} 31. Rxc1 {[%clk 00:10:14]} {[%emt 00:00:05]} Rxc1+
{[%clk 00:20:00]} {[%emt 00:00:05]} 32. Kh2 {[%clk 00:10:37]} {[%emt 00:00:06]}
Ke6 {[%clk 00:17:46]} {[%emt 00:02:44]} 33. Rd2 {[%clk 00:10:55]} {[%emt
00:00:13]} g5 {[%clk 00:18:05]} {[%emt 00:00:11]} 34. g3 {[%clk 00:09:41]}
{[%emt 00:01:44]} f5 {[%clk 00:17:56]} {[%emt 00:00:39]} 35. Kg2 {[%clk
00:04:27]} {[%emt 00:05:43]} Rc3 {[%clk 00:17:27]} {[%emt 00:00:59]} 36. Kf1
{[%clk 00:02:24]} {[%emt 00:02:33]} Rc1+ {[%clk 00:10:25]} {[%emt 00:07:32]} 37.
Kg2 {[%clk 00:02:52]} {[%emt 00:00:02]} Re1 {[%clk 00:10:41]} {[%emt 00:00:14]}
38. Bd1 {[%clk 00:02:01]} {[%emt 00:01:20]} a5 {[%clk 00:10:49]} {[%emt
00:00:22]} 39. Be2 {[%clk 00:01:44]} {[%emt 00:00:47]} b6 {[%clk 00:11:15]}
{[%emt 00:00:05]} 40. Ba6 {[%clk 00:15:40]} {[%emt 00:01:44]} Rc1 {[%clk
00:18:01]} {[%emt 00:08:43]} 41. f4 {[%clk 00:11:30]} {[%emt 00:04:40]} gxf4
{[%clk 00:18:06]} {[%emt 00:00:26]} 42. gxf4 {[%clk 00:11:55]} {[%emt
00:00:05]} Ng6 {[%clk 00:16:25]} {[%emt 00:02:12]} 43. Bc4+ {[%clk 00:10:55]}
{[%emt 00:01:30]} Ke7 {[%clk 00:16:29]} {[%emt 00:00:25]} 44. Kg3 {[%clk
00:04:11]} {[%emt 00:07:14]} a4 {[%clk 00:16:52]} {[%emt 00:00:08]} 45. Rd5
{[%clk 00:03:22]} {[%emt 00:01:20]} Rc3+ {[%clk 00:15:30]} {[%emt 00:01:52]} 46.
Rd3 {[%clk 00:03:45]} {[%emt 00:00:07]} Rc2 {[%clk 00:15:50]} {[%emt 00:00:09]}
47. Bg8 {[%clk 00:01:49]} {[%emt 00:02:26]} a3 {[%clk 00:13:21]} {[%emt
00:02:59]} 48. Bxh7 {[%clk 00:02:03]} {[%emt 00:00:16]} Nf8 {[%clk 00:12:25]}
{[%emt 00:01:26]} 49. Bxf5 {[%clk 00:02:22]} {[%emt 00:00:11]} Rxa2 {[%clk
00:12:50]} {[%emt 00:00:05]} 50. b4 {[%clk 00:02:28]} {[%emt 00:00:24]} Ra1
{[%clk 00:13:03]} {[%emt 00:00:17]} 51. Kh2 {[%clk 00:01:43]} {[%emt 00:01:14]}
Ra2+ {[%clk 00:12:26]} {[%emt 00:01:07]} 52. Kg3 {[%clk 00:02:02]} {[%emt
00:00:11]} Ra1 {[%clk 00:12:50]} {[%emt 00:00:06]} 53. Kh2 {[%clk 00:02:18]}
{[%emt 00:00:14]} 1/2-1/2

[Event "55th Ilmar raud Memorial"]
[Site "Viljandi, Estonia"]
[Date "2021.07.08"]
[Round "6.3"]
[White "Miezis, Normunds"]
[Black "Shvyrjov, Igor"]
[Result "1-0"]
[WhiteElo "2472"]
[BlackElo "2382"]

1. c4 {[%clk 01:30:56]} {[%emt 00:00:03]} c5 {[%clk 01:27:06]} {[%emt
00:03:55]} 2. Nc3 {[%clk 01:31:09]} {[%emt 00:00:17]} Nc6 {[%clk 01:27:24]}
{[%emt 00:00:12]} 3. g3 {[%clk 01:31:20]} {[%emt 00:00:17]} Nf6 {[%clk
01:26:56]} {[%emt 00:00:59]} 4. Bg2 {[%clk 01:30:32]} {[%emt 00:01:18]} Rb8
{[%clk 01:26:49]} {[%emt 00:00:38]} 5. e3 {[%clk 01:26:38]} {[%emt 00:04:23]}
d6 {[%clk 01:25:42]} {[%emt 00:01:38]} 6. Nge2 {[%clk 01:24:41]} {[%emt
00:02:26]} h5 {[%clk 01:25:06]} {[%emt 00:01:06]} 7. h3 {[%clk 01:23:44]}
{[%emt 00:01:27]} g6 {[%clk 01:23:20]} {[%emt 00:02:17]} 8. d4 {[%clk
01:19:24]} {[%emt 00:04:49]} Bd7 {[%clk 01:19:55]} {[%emt 00:03:56]} 9. f4
{[%clk 01:09:38]} {[%emt 00:10:16]} a6 {[%clk 01:19:32]} {[%emt 00:00:54]} 10.
dxc5 {[%clk 01:01:45]} {[%emt 00:08:22]} dxc5 {[%clk 01:19:54]} {[%emt
00:00:08]} 11. e4 {[%clk 01:02:02]} {[%emt 00:00:12]} Na5 {[%clk 01:12:27]}
{[%emt 00:07:58]} 12. b3 {[%clk 00:55:32]} {[%emt 00:07:00]} b5 {[%clk
01:11:47]} {[%emt 00:01:10]} 13. e5 {[%clk 00:52:27]} {[%emt 00:03:35]} Ng8
{[%clk 01:11:13]} {[%emt 00:01:04]} 14. cxb5 {[%clk 00:48:03]} {[%emt
00:04:54]} axb5 {[%clk 01:11:29]} {[%emt 00:00:14]} 15. Ne4 {[%clk 00:45:16]}
{[%emt 00:03:16]} Qc8 {[%clk 00:42:39]} {[%emt 00:29:21]} 16. Be3 {[%clk
00:40:24]} {[%emt 00:05:21]} c4 {[%clk 00:37:14]} {[%emt 00:05:56]} 17. b4
{[%clk 00:30:13]} {[%emt 00:10:42]} Nc6 {[%clk 00:30:47]} {[%emt 00:06:56]} 18.
a3 {[%clk 00:29:47]} {[%emt 00:00:55]} Nh6 {[%clk 00:31:01]} {[%emt 00:00:16]}
19. Nc5 {[%clk 00:28:50]} {[%emt 00:01:27]} Bf5 {[%clk 00:23:16]} {[%emt
00:08:15]} 20. Qd5 {[%clk 00:18:15]} {[%emt 00:11:05]} Nd8 {[%clk 00:23:22]}
{[%emt 00:00:24]} 21. Rd1 {[%clk 00:15:53]} {[%emt 00:02:51]} Bg7 {[%clk
00:21:30]} {[%emt 00:02:22]} 22. Nd4 {[%clk 00:15:05]} {[%emt 00:01:18]} O-O
{[%clk 00:12:51]} {[%emt 00:09:09]} 23. Bf2 {[%clk 00:14:52]} {[%emt 00:00:42]}
Ne6 {[%clk 00:10:19]} {[%emt 00:03:02]} 24. Nc6 {[%clk 00:14:21]} {[%emt
00:01:00]} Rb7 {[%clk 00:09:40]} {[%emt 00:01:10]} 25. Nxb7 {[%clk 00:12:49]}
{[%emt 00:02:02]} Qxb7 {[%clk 00:10:07]} {[%emt 00:00:04]} 26. O-O {[%clk
00:09:38]} {[%emt 00:03:41]} Bd3 {[%clk 00:09:32]} {[%emt 00:01:04]} 27. Rfe1
{[%clk 00:08:02]} {[%emt 00:02:06]} h4 {[%clk 00:09:47]} {[%emt 00:00:16]} 28.
Bc5 {[%clk 00:06:56]} {[%emt 00:01:35]} Qa6 {[%clk 00:09:21]} {[%emt 00:00:57]}
29. Bxe7 {[%clk 00:06:32]} {[%emt 00:00:54]} hxg3 {[%clk 00:08:41]} {[%emt
00:01:10]} 30. Bxf8 {[%clk 00:05:29]} {[%emt 00:01:34]} Bxf8 {[%clk 00:08:15]}
{[%emt 00:00:56]} 31. Rxd3 {[%clk 00:04:08]} {[%emt 00:01:51]} Nxf4 {[%clk
00:07:50]} {[%emt 00:00:55]} 32. Qd8 {[%clk 00:03:46]} {[%emt 00:00:52]} Nxd3
{[%clk 00:08:01]} {[%emt 00:00:19]} 33. e6 {[%clk 00:03:43]} {[%emt 00:00:33]}
Nf5 {[%clk 00:04:10]} {[%emt 00:04:21]} 34. e7 {[%clk 00:03:34]} {[%emt
00:00:39]} Nxe7 {[%emt 00:00:13]} 35. Rxe7 {[%clk 00:03:14]} {[%emt 00:00:48]}
Qxa3 {[%clk 00:04:49]} {[%emt 00:00:10]} 36. Re8 {[%clk 00:02:54]} {[%emt
00:00:49]} Qc1+ {[%clk 00:03:14]} {[%emt 00:02:05]} 37. Bf1 {[%clk 00:03:22]}
{[%emt 00:00:02]} Qd2 {[%clk 00:03:41]} {[%emt 00:00:04]} 38. Rxf8+ {[%clk
00:03:14]} {[%emt 00:00:38]} Kg7 {[%clk 00:03:56]} {[%emt 00:00:14]} 39. Qd4+
{[%clk 00:03:14]} {[%emt 00:00:31]} f6 {[%clk 00:04:20]} {[%emt 00:00:06]} 40.
Qxf6+ {[%clk 00:18:30]} {[%emt 00:00:14]} 1-0

[Event "55th Ilmar raud Memorial"]
[Site "Viljandi, Estonia"]
[Date "2021.07.08"]
[Round "6.5"]
[White "Shishkov, Andrei"]
[Black "Uibokant, Mathias Robert"]
[Result "1-0"]
[WhiteElo "2405"]
[BlackElo "2004"]

1. d4 {[%clk 01:30:59]} d5 {[%clk 01:30:52]} {[%emt 00:00:08]} 2. c4 {[%clk
01:31:25]} {[%emt 00:00:05]} e6 {[%clk 01:31:17]} {[%emt 00:00:04]} 3. Nc3
{[%clk 01:31:52]} {[%emt 00:00:03]} Nf6 {[%clk 01:31:41]} {[%emt 00:00:07]} 4.
cxd5 {[%clk 01:32:19]} {[%emt 00:00:03]} exd5 {[%clk 01:32:04]} {[%emt
00:00:07]} 5. Bg5 {[%clk 01:32:45]} {[%emt 00:00:04]} c6 {[%clk 01:32:25]}
{[%emt 00:00:08]} 6. e3 {[%clk 01:33:11]} {[%emt 00:00:05]} Bd6 {[%clk
01:32:48]} {[%emt 00:00:08]} 7. Bd3 {[%clk 01:33:31]} {[%emt 00:00:09]} O-O
{[%clk 01:33:10]} {[%emt 00:00:08]} 8. Qc2 {[%clk 01:33:54]} {[%emt 00:00:08]}
h6 {[%clk 01:33:34]} {[%emt 00:00:06]} 9. Bh4 {[%clk 01:34:20]} {[%emt
00:00:03]} Re8 {[%clk 01:33:45]} {[%emt 00:00:19]} 10. Nf3 {[%clk 01:34:38]}
{[%emt 00:00:12]} a5 {[%clk 01:26:44]} {[%emt 00:07:31]} 11. O-O {[%clk
01:34:43]} {[%emt 00:00:25]} Na6 {[%clk 01:26:17]} {[%emt 00:00:58]} 12. a3
{[%clk 01:35:08]} {[%emt 00:00:05]} Nc7 {[%clk 01:26:30]} {[%emt 00:00:17]} 13.
h3 {[%clk 01:33:36]} {[%emt 00:02:02]} Ne6 {[%clk 01:10:27]} {[%emt 00:16:33]}
14. Ne5 {[%clk 01:28:47]} {[%emt 00:05:19]} Be7 {[%clk 00:55:29]} {[%emt
00:15:28]} 15. f4 {[%clk 01:26:46]} {[%emt 00:02:31]} c5 {[%clk 00:52:42]}
{[%emt 00:03:17]} 16. Bb5 {[%clk 01:16:28]} {[%emt 00:10:48]} Rf8 {[%clk
00:52:47]} {[%emt 00:00:25]} 17. dxc5 {[%clk 01:08:07]} {[%emt 00:08:52]} g5
{[%clk 00:42:53]} {[%emt 00:10:23]} 18. fxg5 {[%clk 01:04:55]} {[%emt
00:03:42]} hxg5 {[%clk 00:43:10]} {[%emt 00:00:13]} 19. Bg3 {[%clk 01:04:20]}
{[%emt 00:01:05]} Nxc5 {[%clk 00:43:12]} {[%emt 00:00:28]} 20. Ng6 {[%clk
00:43:13]} {[%emt 00:21:37]} Nce4 {[%clk 00:29:31]} {[%emt 00:14:11]} 21. Nxe4
{[%clk 00:43:07]} {[%emt 00:00:36]} fxg6 {[%clk 00:27:42]} {[%emt 00:02:19]} 22.
Nxf6+ {[%clk 00:39:06]} {[%emt 00:04:31]} Rxf6 {[%clk 00:28:04]} {[%emt
00:00:08]} 23. Rxf6 {[%clk 00:39:23]} {[%emt 00:00:13]} Bxf6 {[%clk 00:28:25]}
{[%emt 00:00:09]} 24. Qxg6+ {[%clk 00:39:48]} {[%emt 00:00:06]} Bg7 {[%clk
00:28:44]} {[%emt 00:00:10]} 25. Bd3 {[%clk 00:39:26]} {[%emt 00:00:52]} 1-0

[Event "55th Ilmar raud Memorial"]
[Site "Viljandi, Estonia"]
[Date "2021.07.08"]
[Round "6.6"]
[White "Haitin, Ilja"]
[Black "Pedoson, Georg Aleksander"]
[Result "0-1"]
[WhiteElo "2348"]
[BlackElo "2166"]

1. e4 {[%clk 01:30:58]} {[%emt 00:00:01]} c6 {[%clk 01:27:32]} {[%emt
00:03:28]} 2. d4 {[%clk 01:31:21]} {[%emt 00:00:07]} d5 {[%clk 01:27:33]}
{[%emt 00:00:29]} 3. e5 {[%clk 01:31:46]} {[%emt 00:00:05]} Bf5 {[%clk
01:24:56]} {[%emt 00:03:07]} 4. Nd2 {[%clk 01:32:11]} {[%emt 00:00:05]} e6
{[%clk 01:22:54]} {[%emt 00:02:33]} 5. Nb3 {[%clk 01:32:36]} {[%emt 00:00:05]}
Nd7 {[%clk 01:21:40]} {[%emt 00:01:44]} 6. Nf3 {[%clk 01:32:47]} {[%emt
00:00:19]} Ne7 {[%clk 01:19:28]} {[%emt 00:02:42]} 7. Be2 {[%clk 01:33:11]}
{[%emt 00:00:06]} Qc7 {[%clk 01:09:31]} {[%emt 00:10:27]} 8. O-O {[%clk
01:32:43]} {[%emt 00:00:58]} a6 {[%clk 01:04:03]} {[%emt 00:05:58]} 9. a4
{[%clk 01:29:54]} {[%emt 00:03:20]} Bg6 {[%clk 00:59:58]} {[%emt 00:04:35]} 10.
a5 {[%clk 01:23:47]} {[%emt 00:06:37]} c5 {[%clk 00:55:27]} {[%emt 00:05:01]}
11. Nxc5 {[%clk 01:19:10]} {[%emt 00:05:07]} Nxc5 {[%clk 00:55:52]} {[%emt
00:00:05]} 12. dxc5 {[%clk 01:19:35]} {[%emt 00:00:05]} Qxc5 {[%clk 00:55:39]}
{[%emt 00:00:42]} 13. Be3 {[%clk 01:15:43]} {[%emt 00:04:22]} Qc8 {[%clk
00:45:14]} {[%emt 00:10:56]} 14. c4 {[%clk 01:07:58]} {[%emt 00:08:14]} dxc4
{[%clk 00:43:34]} {[%emt 00:02:11]} 15. Nd2 {[%clk 01:07:39]} {[%emt 00:00:49]}
c3 {[%clk 00:37:37]} {[%emt 00:06:27]} 16. bxc3 {[%clk 00:32:47]} {[%emt
00:35:22]} Nd5 {[%clk 00:35:52]} {[%emt 00:02:15]} 17. Qa4+ {[%clk 00:20:52]}
{[%emt 00:12:25]} Qc6 {[%clk 00:33:15]} {[%emt 00:03:06]} 18. Bd4 {[%clk
00:19:57]} {[%emt 00:01:25]} Be7 {[%clk 00:25:59]} {[%emt 00:07:47]} 19. Qxc6+
{[%clk 00:19:05]} {[%emt 00:01:23]} bxc6 {[%clk 00:26:20]} {[%emt 00:00:09]} 20.
c4 {[%clk 00:19:04]} {[%emt 00:00:31]} Nb4 {[%clk 00:25:50]} {[%emt 00:00:59]}
21. Bb6 {[%clk 00:18:34]} {[%emt 00:01:00]} O-O {[%clk 00:24:05]} {[%emt
00:02:15]} 22. Bf3 {[%clk 00:11:23]} {[%emt 00:07:41]} f6 {[%clk 00:20:34]}
{[%emt 00:04:01]} 23. exf6 {[%clk 00:10:22]} {[%emt 00:01:31]} Rxf6 {[%clk
00:20:53]} {[%emt 00:00:11]} 24. c5 {[%clk 00:07:42]} {[%emt 00:03:11]} Raf8
{[%clk 00:19:01]} {[%emt 00:02:22]} 25. Rac1 {[%clk 00:03:48]} {[%emt
00:04:24]} Rf4 {[%clk 00:14:00]} {[%emt 00:05:31]} 26. Rc3 {[%clk 00:01:53]}
{[%emt 00:02:25]} e5 {[%clk 00:05:31]} {[%emt 00:08:59]} 27. Rc4 {[%clk
00:00:52]} {[%emt 00:01:31]} Rxc4 {[%clk 00:05:50]} {[%emt 00:00:10]} 28. Nxc4
{[%clk 00:01:20]} {[%emt 00:00:01]} Bd3 {[%clk 00:06:06]} {[%emt 00:00:14]} 29.
Nxe5 {[%clk 00:01:18]} {[%emt 00:00:32]} Bxf1 {[%clk 00:06:29]} {[%emt
00:00:07]} 30. Kxf1 {[%clk 00:01:43]} {[%emt 00:00:05]} Rf5 {[%clk 00:06:47]}
{[%emt 00:00:12]} 31. Nxc6 {[%clk 00:01:14]} {[%emt 00:00:59]} Nxc6 {[%clk
00:06:21]} {[%emt 00:00:56]} 32. Bxc6 {[%clk 00:01:44]} Bxc5 {[%clk 00:06:39]}
{[%emt 00:00:12]} 33. f3 {[%clk 00:00:38]} {[%emt 00:01:36]} Bb4 {[%clk
00:04:06]} {[%emt 00:03:02]} 34. Be4 {[%clk 00:00:36]} {[%emt 00:00:32]} Re5
{[%clk 00:04:24]} {[%emt 00:00:12]} 35. Bd3 {[%clk 00:00:42]} {[%emt 00:00:25]}
Bxa5 {[%clk 00:03:37]} {[%emt 00:01:16]} 36. Bd4 {[%clk 00:00:34]} {[%emt
00:00:38]} Rh5 {[%clk 00:03:28]} {[%emt 00:00:38]} 37. Bxa6 {[%clk 00:00:40]}
{[%emt 00:00:24]} Rxh2 {[%clk 00:03:44]} {[%emt 00:00:14]} 38. Bc8 {[%clk
00:00:39]} {[%emt 00:00:31]} Rh6 {[%clk 00:03:57]} {[%emt 00:00:16]} 39. Bb7
{[%clk 00:00:52]} {[%emt 00:00:17]} Bb6 {[%clk 00:04:19]} {[%emt 00:00:08]} 40.
Be5 {[%clk 00:16:10]} {[%emt 00:00:13]} Kh8 {[%clk 00:18:42]} {[%emt 00:01:06]}
41. g4 {[%clk 00:11:05]} {[%emt 00:05:35]} Bc5 {[%clk 00:16:38]} {[%emt
00:02:34]} 42. Bf4 {[%clk 00:08:13]} {[%emt 00:03:23]} Rb6 {[%clk 00:16:48]}
{[%emt 00:00:20]} 43. Be4 {[%clk 00:08:14]} {[%emt 00:00:29]} Rb2 {[%clk
00:15:57]} {[%emt 00:01:20]} 44. Bg3 {[%clk 00:07:56]} {[%emt 00:00:49]} Bd4
{[%clk 00:16:06]} {[%emt 00:00:20]} 45. Bh4 {[%clk 00:07:18]} {[%emt 00:01:08]}
g6 {[%clk 00:14:53]} {[%emt 00:01:43]} 46. Be7 {[%clk 00:05:14]} {[%emt
00:02:33]} Kg7 {[%clk 00:14:50]} {[%emt 00:00:33]} 47. Ke1 {[%clk 00:02:16]}
{[%emt 00:03:28]} h5 {[%clk 00:12:36]} {[%emt 00:02:45]} 48. gxh5 {[%clk
00:02:22]} {[%emt 00:00:24]} gxh5 {[%clk 00:13:02]} {[%emt 00:00:03]} 49. Bg5
{[%clk 00:01:45]} {[%emt 00:01:07]} Bf6 {[%clk 00:13:02]} {[%emt 00:00:30]} 50.
Bf4 {[%clk 00:01:57]} {[%emt 00:00:18]} h4 {[%clk 00:13:08]} {[%emt 00:00:23]}
51. Bf5 {[%clk 00:02:20]} {[%emt 00:00:07]} Bd4 {[%clk 00:12:50]} {[%emt
00:00:48]} 52. Bg4 {[%clk 00:02:24]} {[%emt 00:00:26]} Kf6 {[%clk 00:12:39]}
{[%emt 00:00:41]} 53. Kf1 {[%clk 00:02:16]} {[%emt 00:00:38]} h3 {[%clk
00:12:41]} {[%emt 00:00:28]} 54. Bxh3 {[%clk 00:00:42]} {[%emt 00:02:04]} Rf2+
{[%clk 00:13:06]} {[%emt 00:00:05]} 55. Ke1 {[%clk 00:01:05]} {[%emt 00:00:07]}
Rxf3 {[%clk 00:13:32]} {[%emt 00:00:04]} 0-1